书目信息 |
| 题名: |
初中世界地理填充图册
|
|
| 作者: | ;中国地图出版社 编 | |
| 分册: | 下册 | |
| 出版信息: | 北京 中国地图出版社 1991 |
|
| 页数: | 30页 | |
| 开本: | 25×18cm | |
| 丛书名: | ||
| 单 册: | ||
| 中图分类: | G634.56 | |
| 科图分类: | ||
| 主题词: | 教育--各级 | |
| 电子资源: | ||
| ISBN: | 7-5031-0817-7 | |
| 000 | 00668nam0 2200217 450 | |
| 001 | 0738881408 | |
| 005 | 20070615183252.93 | |
| 010 | @a7-5031-0817-7@dCNY0.62 | |
| 100 | @a20070609d1991 km y0chiy0120 ea | |
| 101 | 0 | @achi |
| 102 | @aCN@b110000 | |
| 102 | @aCN@b110000 | |
| 200 | 1 | @a初中世界地理填充图册@Achu zhong shi jie di li tian chong tu ce@h下册@f中国地图出版社编@Fzhong guo di tu chu ban she bian |
| 205 | @a2版 | |
| 210 | @a北京@c中国地图出版社@d1991 | |
| 215 | @a30页@d25×18cm | |
| 606 | 0 | @a教育@x各级 |
| 690 | @aG634.56@v3 | |
| 711 | 02 | @a中国地图出版社@Azhong guo di tu chu ban she@4编 |
| 801 | 0 | @aCN@bPFT@c20070615 |
| 905 | @a10447@dG634.56@e745:2=2 | |
| 初中世界地理填充图册.下册/中国地图出版社编.-2版.-北京:中国地图出版社,1991 |
| 30页;25×18cm |
| ISBN 7-5031-0817-7:CNY0.62 |
| ● |
| 相关链接 |
|
|
|
|
正题名:初中世界地理填充图册
索取号:G634.56/745:2=2
 
预约/预借
| 序号 | 登录号 | 条形码 | 馆藏地/架位号 | 状态 | 备注 |
| 1 | 0408665 | 204086657 | 第一样本阅览室/ [索取号:G634.56/745:2=2] | 在馆 | |
| 2 | 0408666 | 204086666 | 密集书库/ [索取号:G634.56/745:2=2] | 在馆 | |
| 3 | 0408667 | 204086675 | 密集书库/ [索取号:G634.56/745:2=2] | 在馆 | |
| 4 | 0408668 | 204086684 | 密集书库/ [索取号:G634.56/745:2=2] | 在馆 | |
| 5 | 0408669 | 204086693 | 密集书库/ [索取号:G634.56/745:2=2] | 在馆 | |
| 6 | 0408670 | 204086700 | 密集书库/ [索取号:G634.56/745:2=2] | 在馆 | |
| 7 | 0408671 | 204086719 | 密集书库/ [索取号:G634.56/745:2=2] | 在馆 | |
| 8 | 0408672 | 204086728 | 密集书库/ [索取号:G634.56/745:2=2] | 在馆 | |
| 9 | 0408673 | 204086737 | 密集书库/ [索取号:G634.56/745:2=2] | 在馆 | |
| 10 | 0408674 | 204086746 | 密集书库/ [索取号:G634.56/745:2=2] | 在馆 | |
| 11 | 0408675 | 204086755 | 密集书库/ [索取号:G634.56/745:2=2] | 在馆 | |
| 12 | 0408676 | 204086764 | 密集书库/ [索取号:G634.56/745:2=2] | 在馆 | |
| 13 | 0408677 | 204086773 | 密集书库/ [索取号:G634.56/745:2=2] | 在馆 | |
| 14 | 0408678 | 204086782 | 密集书库/ [索取号:G634.56/745:2=2] | 在馆 | |
| 15 | 0408679 | 204086791 | 密集书库/ [索取号:G634.56/745:2=2] | 在馆 | |
| 16 | 0408680 | 204086808 | 密集书库/ [索取号:G634.56/745:2=2] | 在馆 | |
| 17 | 0408681 | 204086817 | 密集书库/ [索取号:G634.56/745:2=2] | 在馆 | |
| 18 | 0408682 | 204086826 | 密集书库/ [索取号:G634.56/745:2=2] | 在馆 | |
| 19 | 0408683 | 204086835 | 密集书库/ [索取号:G634.56/745:2=2] | 在馆 | |
| 20 | 0653207 | 206532073 | 库房3/ [索取号:G634.56/745:2=2] | 在馆 |